[Event "66th ch-RUS HL w 2016"]
[Site "Kolomna RUS"]
[Date "2016.06.24"]
[Round "3.12"]
[White "Savina, Anastasia"]
[Black "Alekseeva, Irina"]
[Result "1/2-1/2"]
[WhiteTitle "IM"]
[WhiteElo "2384"]
[BlackElo "2161"]
[WhiteFideId "4196872"]
[BlackFideId "24178683"]
[EventDate "2016.06.22"]

1. d4 Nf6 2. c4 g6 3. Nc3 d5 4. cxd5 Nxd5 5. e4 Nxc3 6. bxc3 Bg7 7. Be3 c5 8.
Qd2 Qa5 9. Rc1 cxd4 10. cxd4 Qxd2+ 11. Bxd2 O-O 12. Nf3 Bg4 13. d5 f5 14. Ng5
fxe4 15. Bc4 Bd4 16. d6+ Kg7 17. dxe7 Re8 18. Be6 e3 19. fxe3 Bf6 20. Bxg4 Bxg5
21. O-O Nc6 22. Bc3+ Kh6 23. Rf3 Bxe7 24. Bd7 Red8 25. Rh3+ Kg5 26. Rg3+ Kh6 27.
Bxc6 bxc6 28. Rh3+ Kg5 29. Bd4 h5 30. Rxc6 Bd6 31. Rf3 Rac8 32. Bf6+ Kh6 33.
Rxc8 Rxc8 34. Rf1 Rc2 35. a4 Bc5 36. Bd4 Bxd4 37. exd4 Rc4 38. Rd1 Rxa4 39. Kf2
Kg5 40. Ke3 Kf5 41. Rf1+ Ke6 42. Rc1 Ra2 43. Rc6+ Kf5 44. Rc5+ Kf6 45. Kf3 Rd2
46. Rd5 Ke6 47. Re5+ Kf6 48. Rd5 Ke6 49. Rd8 Ke7 50. Ra8 Rxd4 51. Rxa7+ Kf6 52.
g3 Rd2 53. Ra6+ Kf5 54. Ra5+ Kf6 55. h4 Rd3+ 56. Kf4 Rd4+ 57. Ke3 Rb4 58. Kf3 1/2-1/2

[Event "66th ch-RUS HL w 2016"]
[Site "Kolomna RUS"]
[Date "2016.06.24"]
[Round "3.13"]
[White "Zaiatz, Elena"]
[Black "Solozhenkina, Elizaveta"]
[Result "0-1"]
[WhiteTitle "IM"]
[BlackTitle "WFM"]
[WhiteElo "2344"]
[BlackElo "2123"]
[WhiteFideId "4139518"]
[BlackFideId "34106615"]
[EventDate "2016.06.22"]

1. d4 Nf6 2. c4 g6 3. Nc3 d5 4. cxd5 Nxd5 5. Bd2 Bg7 6. Nf3 O-O 7. Rc1 Nb6 8.
Bf4 c5 9. Nb5 Na6 10. dxc5 Qxd1+ 11. Rxd1 Na4 12. b3 N4xc5 13. Be5 Bf5 14. Bxg7
Kxg7 15. e3 Nb4 16. Nfd4 Nxa2 17. Nc7 Rac8 18. Nd5 e6 19. Ra1 exd5 20. Rxa2 a6
21. f3 Ne6 22. Nxf5+ gxf5 23. Kd2 Kf6 24. Bd3 Rg8 25. g3 h5 26. Rf1 Ke5 27. Ra5
Nc5 28. Bc2 b6 29. Raa1 a5 30. b4 Nb7 31. Bd3 Ra8 32. Rfb1 Nd6 33. bxa5 Rxa5 34.
Rxa5 bxa5 35. Ra1 Rb8 36. Rxa5 Rb2+ 37. Kc3 Rxh2 38. Ra8 Rg2 39. Rh8 Rxg3 40.
f4+ Ke6 41. Rh6+ f6 42. Rxh5 Rxe3 43. Kd4 Rf3 44. Rh4 Nf7 45. Ba6 Kd6 46. Be2
Ne5 0-1

[Event "66th ch-RUS HL w 2016"]
[Site "Kolomna RUS"]
[Date "2016.06.24"]
[Round "3.14"]
[White "Belenkaya, Dina"]
[Black "Potapova, Margarita"]
[Result "1-0"]
[WhiteTitle "WFM"]
[BlackTitle "WFM"]
[WhiteElo "2299"]
[BlackElo "2061"]
[WhiteFideId "24142654"]
[BlackFideId "14126869"]
[EventDate "2016.06.22"]

1. e4 c5 2. Nf3 Nc6 3. Bb5 e5 4. O-O Nge7 5. d3 g6 6. Bg5 Bg7 7. Bxc6 dxc6 8.
Be3 b6 9. Nbd2 h6 10. Nc4 Qc7 11. a3 a5 12. b4 axb4 13. axb4 Rxa1 14. Qxa1 b5
15. Qa5 Qxa5 16. Nxa5 cxb4 17. Bc5 b3 18. cxb3 Be6 19. Rc1 g5 20. Bxe7 Kxe7 21.
Nxc6+ Kd6 22. Na5 g4 23. Ne1 Rc8 24. Nb7+ Ke7 25. Rxc8 Bxc8 26. Nc5 Kd6 27. b4
Kc6 28. Nc2 Bf8 29. Nb3 Be6 30. Nd2 f5 31. Kf1 h5 32. Ke2 f4 33. d4 exd4 34.
Nxd4+ Kd7 35. Nxe6 Kxe6 36. Nb3 Bxb4 37. Nd4+ Kd6 38. Nxb5+ Kc5 39. Nc7 Kd4 40.
f3 h4 41. h3 gxh3 42. gxh3 Be7 43. Ne6+ Ke5 44. Ng7 Bf6 45. Nf5 Bd8 46. Kd3 Bf6
47. Kc4 Bd8 48. Kc5 Bf6 49. Kc6 Ke6 50. Kc7 Bg5 51. Nd4+ Ke5 52. Nf5 Ke6 53. Kb6
Bd8+ 54. Kc5 Ke5 55. Kc4 Bf6 56. Nd4 Kd6 57. Ne2 Bg5 58. Nc1 Bh6 59. Nd3 Ke6 60.
Kd4 Bg7+ 61. e5 Kf5 62. Kd5 Bf8 63. Nf2 Bg7 64. Ng4 Bf8 65. e6 Be7 66. Nh6+ Kg6
67. Nf7 Kf6 68. Nd6 Bf8 69. Nc8 Bb4 70. e7 Kf7 71. Ke5 Bd2 72. Kd6 Ke8 73. Ke6 1-0

[Event "66th ch-RUS HL w 2016"]
[Site "Kolomna RUS"]
[Date "2016.06.24"]
[Round "3.15"]
[White "Styazhkina, Anna"]
[Black "Faizutdinova, Diana"]
[Result "1-0"]
[WhiteTitle "WIM"]
[WhiteElo "2297"]
[BlackElo "2006"]
[WhiteFideId "24119300"]
[BlackFideId "24143731"]
[EventDate "2016.06.22"]

1. e4 c5 2. Nf3 Nf6 3. e5 Nd5 4. Nc3 Nxc3 5. dxc3 e6 6. Bf4 Qb6 7. Qc1 d5 8.
exd6 Bxd6 9. Bxd6 Qxd6 10. Qe3 Nd7 11. Bd3 h6 12. O-O-O Qc7 13. Rhe1 b6 14. Bc4
Nf6 15. Bb5+ Bd7 16. Rxd7 Nxd7 17. Ne5 O-O 18. Bxd7 a6 19. Bc6 Rad8 20. Be4 c4
21. g4 f6 22. Ng6 Rfe8 23. Nf4 Re7 24. Bf3 Rde8 25. h4 b5 26. g5 hxg5 27. hxg5
f5 28. Ng6 Rd7 29. Ne5 Rd6 30. Bh5 Rb8 31. Bf7+ Kf8 32. g6 b4 33. Rh1 f4 34.
Qxf4 Rd5 35. Qg5 1-0

[Event "66th ch-RUS HL w 2016"]
[Site "Kolomna RUS"]
[Date "2016.06.24"]
[Round "3.16"]
[White "Maltsevskaya, Aleksandra"]
[Black "Mikhailova, Lubov"]
[Result "1-0"]
[WhiteElo "2285"]
[BlackElo "2051"]
[WhiteFideId "24174041"]
[BlackFideId "4164296"]
[EventDate "2016.06.22"]

1. e4 c5 2. Nf3 e6 3. d4 cxd4 4. Nxd4 Nc6 5. Nc3 Qc7 6. f4 a6 7. Nxc6 Qxc6 8.
Bd3 b5 9. Qe2 Bb7 10. Bd2 Bc5 11. O-O-O Ne7 12. Qh5 Rc8 13. a3 b4 14. axb4 Bxb4
15. f5 Qc5 16. Qg4 g6 17. Qh4 gxf5 18. exf5 Nxf5 19. Bxf5 Bxc3 20. Bxc3 Qxf5 21.
Rhf1 Qg6 22. Qd4 1-0

[Event "66th ch-RUS HL w 2016"]
[Site "Kolomna RUS"]
[Date "2016.06.24"]
[Round "3.17"]
[White "Rodionova, Polina"]
[Black "Kashlinskaya, Alina"]
[Result "0-1"]
[WhiteTitle "WFM"]
[BlackTitle "IM"]
[WhiteElo "1981"]
[BlackElo "2467"]
[WhiteFideId "24102555"]
[BlackFideId "4198026"]
[EventDate "2016.06.22"]

1. e4 c6 2. Nc3 d5 3. Nf3 Bg4 4. h3 Bxf3 5. Qxf3 Nf6 6. d3 e6 7. Bd2 Qb6 8. Rb1
Nbd7 9. g3 d4 10. Nd1 Bb4 11. c3 Bc5 12. Bg2 Qa6 13. Qe2 Qxa2 14. Rc1 Qb3 15.
cxd4 Bxd4 16. Rc4 c5 17. Bf4 O-O 18. O-O e5 19. Bc1 a5 20. Ne3 b5 21. Rc2 a4 22.
Nf5 b4 23. Nxd4 cxd4 24. f4 Rfc8 25. Rd2 Rc6 26. Qf3 a3 0-1

[Event "66th ch-RUS HL w 2016"]
[Site "Kolomna RUS"]
[Date "2016.06.24"]
[Round "3.18"]
[White "Nasybullina, Alfia"]
[Black "Ubiennykh, Ekaterina"]
[Result "0-1"]
[WhiteTitle "WFM"]
[BlackTitle "WIM"]
[WhiteElo "2143"]
[BlackElo "2324"]
[WhiteFideId "4132416"]
[BlackFideId "4137582"]
[EventDate "2016.06.22"]

1. d4 Nf6 2. Nf3 g6 3. c4 Bg7 4. Nc3 O-O 5. e4 d6 6. h3 Na6 7. Be2 e5 8. d5 Nc5
9. Qc2 a5 10. Be3 Qe8 11. g4 c6 12. Nh2 b5 13. dxc6 bxc4 14. Bxc4 Ba6 15. Bxc5
dxc5 16. Nd5 Nxd5 17. Bxd5 Qb8 18. f3 Bh6 19. Nf1 Qb4+ 20. Kf2 Qd4+ 21. Kg2 Rab8
22. b3 Qxa1 23. g5 Bxg5 24. h4 Bf4 25. Nh2 Qd4 26. Rd1 Qb4 27. Ng4 Kg7 28. h5
gxh5 29. Nxe5 Bxe5 30. f4 Qc3 31. Qf2 Bd4 0-1

[Event "66th ch-RUS HL w 2016"]
[Site "Kolomna RUS"]
[Date "2016.06.24"]
[Round "3.19"]
[White "Lysenko, Margarita"]
[Black "Diakonova, Ekaterina"]
[Result "1/2-1/2"]
[WhiteTitle "WFM"]
[WhiteElo "2097"]
[BlackElo "2212"]
[WhiteFideId "34100200"]
[BlackFideId "24172936"]
[EventDate "2016.06.22"]

1. d4 Nf6 2. c4 g6 3. Nc3 Bg7 4. e4 d6 5. Be2 O-O 6. Bg5 h6 7. Bh4 Nbd7 8. f4 e5
9. fxe5 dxe5 10. d5 Qe8 11. Nh3 Nc5 12. Nf2 a5 13. O-O Bd7 14. Qd2 Kh7 15. Qe3
b6 16. Nd3 Nxd3 17. Qxd3 Ng8 18. g4 f5 19. gxf5 gxf5 20. exf5 e4 21. Nxe4 Bxb2
22. Rae1 Nf6 23. Ng3 Qf7 24. Bxf6 Qxf6 25. Bh5 Rad8 26. Kh1 Kh8 27. Re6 Bxe6 28.
fxe6 Qg5 29. Bf7 b5 30. Nf5 bxc4 31. Qxc4 Be5 32. Qe4 Bf6 33. e7 Bxe7 34. Nxe7
Rd6 35. Rf5 Qc1+ 36. Kg2 Qb2+ 37. Kh3 Qc3+ 38. Kh4 Rb6 39. Ng6+ Kg7 40. Rf4 Rxf7
41. Rxf7+ Kxf7 42. Ne5+ Kg7 43. Qg4+ Kh8 44. Ng6+ Kh7 45. Nf8+ Kh8 46. Ng6+ Kh7
47. Nf8+ Kh8 1/2-1/2

[Event "66th ch-RUS HL w 2016"]
[Site "Kolomna RUS"]
[Date "2016.06.24"]
[Round "3.20"]
[White "Gvanceladze, Anna"]
[Black "Bocharova, Ulyana"]
[Result "1/2-1/2"]
[WhiteTitle "WFM"]
[WhiteElo "2179"]
[BlackElo "1894"]
[WhiteFideId "4113721"]
[BlackFideId "24174513"]
[EventDate "2016.06.22"]

1. e4 e5 2. Nf3 Nf6 3. Nxe5 d6 4. Nf3 Nxe4 5. Qe2 Qe7 6. d3 Nf6 7. Bg5 Qxe2+ 8.
Bxe2 Be7 9. Nc3 h6 10. Bf4 Bd7 11. O-O-O Nc6 12. d4 g5 13. Bg3 g4 14. Nh4 Nh5
15. Kb1 Bf6 16. Nd5 O-O-O 17. Nxf6 Nxf6 18. c3 Ne4 19. Bd3 Rde8 20. Kc2 Ng5 21.
Rdf1 Ne7 22. f4 gxf3 23. Nxf3 Nd5 24. Kd2 Ne4+ 25. Bxe4 Rxe4 26. Re1 Rhe8 27.
Rxe4 Rxe4 28. Rf1 Ne3 29. Re1 Nc4+ 30. Kc1 Rxe1+ 31. Nxe1 Bf5 32. b3 Nb6 33. c4
Kd7 34. Kd2 c6 35. Bf4 h5 36. a4 Nc8 37. g3 Ne7 38. Ng2 Be4 39. Ne1 Nf5 40. Kc3
Ke6 41. b4 a6 42. Bg5 b5 43. d5+ cxd5 44. cxb5 axb5 45. axb5 d4+ 46. Kc4 f6 47.
Bf4 Kd7 48. h3 d5+ 49. Kc5 d3 50. b6 Kc8 51. Kc6 d4+ 52. Kc5 Nxg3 53. Kxd4 Ne2+
54. Kxe4 Nxf4 55. Nxd3 Nxh3 56. Nc5 Ng5+ 57. Kd5 Nf7 58. Ke6 h4 59. Kxf7 h3 60.
Nd3 h2 61. Nf2 Kb7 62. Kxf6 Kxb6 1/2-1/2

[Event "66th ch-RUS HL w 2016"]
[Site "Kolomna RUS"]
[Date "2016.06.24"]
[Round "3.21"]
[White "Abakarova, Amina"]
[Black "Matiukova, Uliana"]
[Result "0-1"]
[WhiteElo "1898"]
[BlackElo "2179"]
[WhiteFideId "34175889"]
[BlackFideId "34100579"]
[EventDate "2016.06.22"]

1. e4 c5 2. Nc3 d6 3. g3 Nc6 4. Bg2 g6 5. d3 Bg7 6. f4 Nf6 7. Nf3 O-O 8. h3 Rb8
9. Be3 b5 10. O-O b4 11. Ne2 a5 12. Nh4 Qc7 13. f5 a4 14. Rb1 b3 15. axb3 axb3
16. c3 Ba6 17. Qd2 Ne5 18. c4 Ra8 19. g4 Nfd7 20. g5 Ra7 21. Nc3 Bxc4 22. f6
exf6 23. dxc4 Nxc4 24. Qe2 Nxe3 25. Qxe3 fxg5 26. Qxg5 Bxc3 27. bxc3 c4 28. Qh6
Qc5+ 29. Kh1 Qe5 30. Qd2 Ra2 31. Rb2 Rfa8 32. Nf3 Qg3 33. Rfb1 Rxb2 34. Rxb2
Ra1+ 35. Ng1 Nc5 36. Qd5 Nd3 37. Qxc4 Nf2+ 38. Rxf2 Qxf2 39. Kh2 Rxg1 0-1

[Event "66th ch-RUS HL w 2016"]
[Site "Kolomna RUS"]
[Date "2016.06.24"]
[Round "3.22"]
[White "Drogovoz, Irina"]
[Black "Mukhina, Jana"]
[Result "1/2-1/2"]
[WhiteTitle "WIM"]
[WhiteElo "2143"]
[BlackElo "2017"]
[WhiteFideId "4176715"]
[BlackFideId "34115428"]
[EventDate "2016.06.22"]

1. d4 Nf6 2. Nf3 e6 3. c4 b6 4. e3 Bb7 5. Bd3 d5 6. b3 Bd6 7. O-O c5 8. Bb2 Nc6
9. Nc3 O-O 10. Re1 Nb4 11. Be2 Rc8 12. a3 Nc6 13. cxd5 exd5 14. g3 Be7 15. Rc1
Ne4 16. dxc5 Nxc3 17. Rxc3 Bf6 18. Rc2 Bxb2 19. Rxb2 bxc5 20. Rd2 Ne7 21. Qa1
Qb6 22. b4 c4 23. Nd4 Ra8 24. Rb1 Rfd8 25. Qc3 Qg6 26. Rbd1 a6 27. Bf3 h6 28.
Ne2 Qb6 29. Nf4 a5 30. Nxd5 Bxd5 31. Bxd5 Nxd5 32. Rxd5 Rxd5 33. Rxd5 axb4 34.
axb4 Rb8 35. Qxc4 Qxb4 36. Qxb4 Rxb4 37. h3 g6 38. g4 g5 39. Kg2 Kg7 40. Kg3 Ra4
41. h4 Kg6 42. Rd6+ Kg7 43. Rd5 Kg6 44. h5+ Kg7 45. Kf3 Rb4 46. e4 Rb3+ 47. Ke2
Rb2+ 48. Ke3 Rb3+ 49. Rd3 Rb1 50. Kd4 Rg1 51. f3 Ra1 52. Kc5 Rf1 53. Kd5 Ra1 54.
e5 Ra5+ 55. Ke4 Ra4+ 56. Rd4 Ra3 57. Rb4 Ra6 58. f4 gxf4 59. Kxf4 Ra1 60. Ke4
Re1+ 61. Kd5 Rd1+ 62. Rd4 Re1 63. Kd6 Re2 64. Rf4 Ra2 65. Kd5 Ra5+ 66. Ke4 Ra4+
67. Kf5 Ra5 68. Rd4 Ra1 69. g5 hxg5 70. Kxg5 Re1 71. Kf5 Rh1 72. Rg4+ Kf8 73.
Kg5 Re1 74. Kf5 1/2-1/2

[Event "66th ch-RUS HL w 2016"]
[Site "Kolomna RUS"]
[Date "2016.06.24"]
[Round "3.23"]
[White "Ustich, Ekaterina"]
[Black "Makarenko, Alexandra"]
[Result "1-0"]
[BlackTitle "WFM"]
[WhiteElo "2007"]
[BlackElo "2269"]
[WhiteFideId "24179221"]
[BlackFideId "4165055"]
[EventDate "2016.06.22"]

1. e4 c5 2. Nf3 d6 3. d4 cxd4 4. Nxd4 Nf6 5. f3 Nc6 6. c4 Qb6 7. Nc2 e6 8. Nc3
Be7 9. Be3 Qxb2 10. Qd2 Nb4 11. Nxb4 Qxb4 12. Nb5 Qxd2+ 13. Kxd2 Kd8 14. Bxa7
Bd7 15. Bb6+ Kc8 16. a4 Bc6 17. Bd3 Kd7 18. a5 Bd8 19. Bxd8 Rhxd8 20. Nd4 Ra7
21. Nb5 Ra6 22. Ra3 Rda8 23. Rha1 Ne8 24. Kc2 h5 25. Kb2 g6 26. Nc3 R6a7 27. Nb5
Ra6 28. g3 e5 29. Bf1 Ke6 30. Nc3 b6 31. c5 Rxa5 32. cxb6 Rxa3 33. Rxa3 Rb8 34.
Bc4+ Ke7 35. Ra7+ Kd8 36. Bxf7 Rxb6+ 37. Kc2 Rb7 38. Rxb7 Bxb7 39. Bxg6 Nf6 40.
Kd3 Ke7 41. Ke3 Bc6 42. Bf5 d5 43. exd5 Nxd5+ 44. Nxd5+ Bxd5 45. h4 Bf7 46. g4
hxg4 47. fxg4 Bh5 48. g5 Kd6 49. Bh7 Ke7 50. Ke4 Kf8 51. Kxe5 Kg7 52. Bf5 Be8
53. Bg4 Bf7 54. h5 Be8 55. h6+ Kh7 56. Kf6 Kh8 57. Be6 Bg6 58. Bf7 Bd3 59. Bg6
Bb5 60. Ke7 Bc4 61. Be4 Bf7 62. Bc6 Bg6 63. Bd7 Kh7 64. Be8 Bd3 65. Kf6 Kh8 66.
Bd7 Bc4 67. g6 Bg8 68. Bf5 Bf7 69. g7+ Kg8 70. h7# 1-0

[Event "66th ch-RUS HL w 2016"]
[Site "Kolomna RUS"]
[Date "2016.06.24"]
[Round "3.24"]
[White "Shaydullina, Sandugach"]
[Black "Lingur, Zalina"]
[Result "1/2-1/2"]
[WhiteTitle "WGM"]
[BlackTitle "WFM"]
[WhiteElo "2110"]
[BlackElo "2182"]
[WhiteFideId "4140389"]
[BlackFideId "34165670"]
[EventDate "2016.06.22"]

1. d4 Nf6 2. Nf3 e6 3. e3 b6 4. b3 Bb7 5. Bb2 Be7 6. Bd3 O-O 7. O-O Ne4 8. Nfd2
f5 9. f3 Nf6 10. e4 fxe4 11. fxe4 Qe8 12. Nc3 Nc6 13. Nb5 Rc8 14. c4 a6 15. Na3
e5 16. d5 Bc5+ 17. Kh1 Nd4 18. Nc2 Nxc2 19. Bxc2 d6 20. a3 a5 21. Bc3 Qg6 22. b4
axb4 23. axb4 Be3 24. Qe2 Ng4 25. Nf3 Qh6 26. h3 Ra8 27. Rxa8 Rxa8 28. Ne1 Nf6
29. Rf3 Bg5 30. Nd3 Bc8 31. Kg1 Ra2 32. Bb2 Nh5 33. Bb3 Ra8 34. Qf2 Nf6 35. Qe2
Qg6 36. Nf2 Bh4 37. Bc2 Ra2 38. Bb1 Ra4 39. Rb3 Nh5 40. Nd3 Ng3 41. Qf3 Qxe4 42.
Qxe4 Nxe4 43. Bc1 Ra1 44. Be3 Bd7 45. b5 Bg3 46. Nc1 Bf5 47. Rb2 g6 48. Nb3 Ra4
49. Bd3 Nc5 50. Nxc5 dxc5 51. Bf1 Ra1 52. Rb3 Be1 53. Bf2 Bb4 54. Re3 Bc2 55. g4
e4 56. Kg2 Bd2 57. Rg3 Rc1 58. Be3 Bxe3 59. Rxe3 Bd3 60. Bxd3 exd3 61. Rxd3 Rxc4
62. d6 cxd6 63. Rxd6 Rb4 64. Rxb6 Kg7 65. g5 Rb3 1/2-1/2

[Event "66th ch-RUS HL w 2016"]
[Site "Kolomna RUS"]
[Date "2016.06.24"]
[Round "3.25"]
[White "Sukhareva, Evgeniya"]
[Black "Selifonova, Aleksandra"]
[Result "1-0"]
[WhiteElo "2156"]
[BlackElo "1980"]
[WhiteFideId "4167155"]
[BlackFideId "24115983"]
[EventDate "2016.06.22"]

1. d4 Nf6 2. c4 e6 3. Nf3 Bb4+ 4. Nbd2 c5 5. a3 Bxd2+ 6. Bxd2 cxd4 7. Nxd4 Ne4
8. Bc1 O-O 9. e3 b6 10. Be2 Bb7 11. Bf3 Na6 12. O-O Rc8 13. Qe2 d5 14. Rd1 Qe7
15. cxd5 exd5 16. Nf5 Qc7 17. Bd2 Nac5 18. Bxe4 Nxe4 19. Qg4 Qe5 20. Bb4 Qxb2
21. Bxf8 Kxf8 22. Qh4 Qe5 23. Qxh7 g6 24. Qh6+ Kg8 25. Nd4 Qf6 26. f3 Nd6 27.
Re1 Re8 28. h4 Re5 29. Qf4 Qe7 30. Kf2 Rh5 31. Rh1 Nc4 32. Nc2 Ne5 33. Rad1 Qc5
34. Nb4 Rf5 35. Qd4 Qe7 36. Rc1 Nc4 37. e4 Re5 38. Nd3 Rh5 39. Nf4 Rxh4 40. Nxd5
Bxd5 41. Qxd5 Rxh1 42. Rxh1 Qc5+ 43. Qxc5 bxc5 44. Rc1 Nxa3 45. Rxc5 Kg7 46. Ra5
Nc4 47. Rxa7 Kf6 48. f4 Ke6 49. Ra6+ Ke7 50. Ke2 Kd7 51. e5 Ke7 52. Kd3 Nb2+ 53.
Kd4 Nd1 54. Ra2 1-0

[Event "66th ch-RUS HL w 2016"]
[Site "Kolomna RUS"]
[Date "2016.06.25"]
[Round "4.1"]
[White "Mirzoeva, Elmira"]
[Black "Bivol, Alina"]
[Result "1/2-1/2"]
[WhiteTitle "WGM"]
[BlackTitle "WIM"]
[WhiteElo "2344"]
[BlackElo "2359"]
[WhiteFideId "4127951"]
[BlackFideId "4100123"]
[EventDate "2016.06.22"]

1. Nf3 Nf6 2. c4 e6 3. Nc3 b6 4. g3 Ba6 5. b3 Be7 6. Bg2 c6 7. O-O d5 8. d4 Nbd7
9. Nd2 b5 10. c5 b4 11. Na4 e5 12. Bb2 e4 13. a3 e3 14. fxe3 Ng4 15. Rf3 Bg5 16.
Nf1 Qe7 17. Bc1 bxa3 18. Nc3 O-O 19. Rxa3 Nb8 20. Bd2 f5 21. h3 Nh6 22. Rf2 Bb7
23. b4 a6 24. Na4 Nd7 25. Nb2 Bf6 26. Nd3 g5 27. Ra1 Rfe8 28. Rc1 Rac8 29. Qb3
Kg7 30. Qa2 Qd8 31. Qa5 Qe7 32. Qa2 Qd8 33. Qa5 Qe7 34. Qa1 Kg8 35. Qa2 Kg7 36.
Qb2 Kg8 37. Ra1 Ra8 38. Ra3 Qe6 39. Nc1 Bd8 40. Nb3 Nf6 41. Na5 Bc8 42. Qc2 Ra7
43. Qa4 1/2-1/2

[Event "66th ch-RUS HL w 2016"]
[Site "Kolomna RUS"]
[Date "2016.06.25"]
[Round "4.2"]
[White "Shuvalova, Polina"]
[Black "Pustovoitova, Daria"]
[Result "0-1"]
[WhiteTitle "WFM"]
[BlackTitle "FM"]
[WhiteElo "2409"]
[BlackElo "2297"]
[WhiteFideId "24171760"]
[BlackFideId "4182146"]
[EventDate "2016.06.22"]

1. e4 e5 2. Nf3 Nf6 3. Nxe5 d6 4. Nc4 Nxe4 5. Qe2 Qe7 6. Ne3 c6 7. b3 d5 8. Bb2
Nd6 9. g3 Nf5 10. Bg2 Nxe3 11. dxe3 Bf5 12. O-O Nd7 13. Bd4 Nf6 14. c4 dxc4 15.
bxc4 Qc7 16. Qb2 Be7 17. Nd2 O-O 18. e4 Be6 19. f4 Rfd8 20. e5 Qd7 21. exf6 Ba3
22. Qxa3 Qxd4+ 23. Kh1 Qxd2 24. Rac1 Bg4 25. Qc5 gxf6 26. h3 Be2 27. Rfe1 Rd3
28. Qf5 Re8 29. Rcd1 Qxd1 30. Rxd1 Rxd1+ 31. Kh2 Rd2 32. Qa5 Rc2 33. Qe1 Re6 34.
f5 Bf3 0-1

[Event "66th ch-RUS HL w 2016"]
[Site "Kolomna RUS"]
[Date "2016.06.25"]
[Round "4.3"]
[White "Schepetkova, Margarita"]
[Black "Vasilevich, Tatjana"]
[Result "1/2-1/2"]
[WhiteTitle "WIM"]
[BlackTitle "IM"]
[WhiteElo "2355"]
[BlackElo "2367"]
[WhiteFideId "4189949"]
[BlackFideId "14101610"]
[EventDate "2016.06.22"]

1. d4 d5 2. c4 e6 3. Nc3 c5 4. cxd5 exd5 5. Nf3 Nc6 6. dxc5 d4 7. Na4 Bxc5 8.
Nxc5 Qa5+ 9. Bd2 Qxc5 10. Rc1 Qb6 11. e3 dxe3 12. Bxe3 Qxb2 13. Bc4 Qb4+ 14. Nd2
Be6 15. Bxe6 fxe6 16. O-O Nf6 17. Bc5 Qg4 18. f3 Qf5 19. Ne4 Nxe4 20. fxe4 Qe5
21. Be3 Rd8 22. Qb3 Rd7 23. Bf4 Qf6 24. Be3 Qe5 25. Qa3 Rf7 26. Rxf7 Kxf7 27.
Rxc6 bxc6 28. Qxa7+ Kg6 29. Bd4 Ra8 30. Qd7 Qxe4 31. Qxg7+ Kh5 32. h3 Rg8 33.
g4+ Kh4 34. Qh6+ Kg3 35. Bf2+ Kf3 36. Qf6+ Ke2 37. Qb2+ Kf3 38. Qc3+ Ke2 39.
Qe1+ Kf3 40. Qc3+ Ke2 41. Qe1+ Kf3 42. Qc3+ 1/2-1/2

[Event "66th ch-RUS HL w 2016"]
[Site "Kolomna RUS"]
[Date "2016.06.25"]
[Round "4.4"]
[White "Khokhlova, Daria"]
[Black "Ovod, Evgenija"]
[Result "0-1"]
[BlackTitle "IM"]
[WhiteElo "2214"]
[BlackElo "2338"]
[WhiteFideId "24182729"]
[BlackFideId "4131827"]
[EventDate "2016.06.22"]

1. d4 d5 2. Nf3 Nf6 3. c4 c6 4. e3 Bg4 5. Qb3 Qb6 6. Nc3 Nbd7 7. cxd5 Qxb3 8.
axb3 Nxd5 9. Nxd5 cxd5 10. Bd3 e6 11. Nd2 a6 12. Nb1 Rc8 13. Nc3 Bd6 14. Bd2 Bh5
15. f3 Bg6 16. Ke2 Ke7 17. Be1 Rc6 18. e4 dxe4 19. fxe4 Rhc8 20. Bf2 Bh5+ 21.
Ke3 e5 22. Bh4+ Ke8 23. d5 Bc5+ 24. Kd2 Rg6 25. Bg3 Bd4 26. b4 Nb6 27. b5 Nc4+
28. Bxc4 Rxc4 29. bxa6 bxa6 30. Rhe1 Rb6 31. Ra2 f6 32. Kc2 Rcb4 33. Na4 Rb7 34.
Nc3 Bg6 35. Nd1 Rc7+ 36. Kd2 Rbc4 37. b3 Rb4 38. Rxa6 Rxb3 39. Ra8+ Kf7 40. Ra4
Bc5 41. Rc4 Bb4+ 42. Kc2 Rxc4+ 43. Kxb3 Bxe1 44. Kxc4 Bxg3 45. hxg3 Bxe4 46. Ne3
f5 47. d6 Ke6 48. Kc5 f4 49. Nd5 Bxd5 50. d7 Kxd7 51. Kxd5 fxg3 52. Kxe5 h5 53.
Kf4 h4 54. Kg4 g5 55. Kf3 Ke6 56. Ke2 Kf5 57. Kf1 Ke4 58. Ke2 g4 59. Kf1 Ke3 60.
Kg1 Ke2 61. Kh1 h3 62. Kg1 Ke1 63. Kh1 Kf2 0-1

[Event "66th ch-RUS HL w 2016"]
[Site "Kolomna RUS"]
[Date "2016.06.25"]
[Round "4.5"]
[White "Kovalevskaya, Ekaterina"]
[Black "Styazhkina, Anna"]
[Result "1-0"]
[WhiteTitle "IM"]
[BlackTitle "WIM"]
[WhiteElo "2466"]
[BlackElo "2297"]
[WhiteFideId "4116704"]
[BlackFideId "24119300"]
[EventDate "2016.06.22"]

1. Nf3 d5 2. c4 c6 3. e3 Nf6 4. Nc3 e6 5. b3 Be7 6. Qc2 b6 7. Bb2 Bb7 8. Be2 O-O
9. O-O c5 10. cxd5 exd5 11. d4 Nc6 12. Rfd1 Rc8 13. dxc5 Bxc5 14. a3 Ne7 15.
Rac1 Ng6 16. Qf5 Qe7 17. b4 Bxe3 18. fxe3 Qxe3+ 19. Kf1 Nf4 20. Re1 Nxe2 21.
Nxe2 Ne4 22. Bd4 Qxa3 23. Rxc8 Bxc8 24. Qxd5 Qd3 25. Kg1 Nd2 26. Ne5 Qc2 27. Nf4
Qf5 28. Ned3 Qg4 29. h3 Qh4 30. Re2 Be6 31. Nxe6 fxe6 32. Qxe6+ Kh8 33. Qe5 1-0

[Event "66th ch-RUS HL w 2016"]
[Site "Kolomna RUS"]
[Date "2016.06.25"]
[Round "4.6"]
[White "Dordzhieva, Dinara"]
[Black "Nechaeva, Marina"]
[Result "1/2-1/2"]
[WhiteTitle "WIM"]
[BlackTitle "IM"]
[WhiteElo "2296"]
[BlackElo "2425"]
[WhiteFideId "24157570"]
[BlackFideId "4149351"]
[EventDate "2016.06.22"]

1. d4 Nf6 2. Nf3 d5 3. Bf4 c5 4. e3 Nc6 5. Nbd2 Qb6 6. dxc5 Qxc5 7. a3 Bg4 8.
Be2 e6 9. O-O Be7 10. b4 Qb6 11. c4 O-O 12. c5 Qd8 13. h3 Bh5 14. Rc1 Rc8 15.
Bh2 a6 16. Qc2 e5 17. Nb3 e4 18. Nfd4 Bxe2 19. Qxe2 Qd7 20. Rfd1 Ra8 21. Rc2 Bd8
22. b5 axb5 23. Nxb5 h6 24. Rb1 Be7 25. Qf1 Ra4 26. Qc1 Rfa8 27. Nc7 Rc8 28. Nb5
Rca8 29. Nc7 Rc8 30. Nb5 Rd8 31. Nd6 Rda8 32. Nb5 Bd8 33. Qd1 Na5 34. Nd2 Nc4
35. Nxc4 Rxc4 36. Nd6 Rxc2 37. Qxc2 Rxa3 38. Nxb7 Bc7 39. Nd6 Qc6 40. Qb2 Qxc5
41. Rc1 Rb3 42. Qa1 Qb6 43. Nf5 Bxh2+ 44. Kxh2 Qb8+ 45. Kg1 Kh7 46. Qd4 Rb4 47.
Qc5 Rb7 48. Qd4 Qd8 49. Qc5 g6 50. Nd4 Kg7 51. Qc6 Rb6 52. Qa4 Rb7 53. Qc6 Qd7
54. Qc3 h5 55. Ne2 Qd6 56. Nf4 h4 57. Qc8 Rb8 58. Qc3 Re8 59. Rd1 Qe5 60. Qa5
Re7 61. Qa8 Rd7 62. Qa4 Rd6 63. Ne2 Qb2 64. Nd4 Nd7 65. Qa7 Qb6 66. Qa1 Nf6 67.
Rc1 Qa6 68. Qc3 Qb7 69. Ne2 Qd7 70. Nd4 Ra6 71. Qb2 Qe7 72. Qb8 Qd6 73. Qc8 Rb6
74. Qc3 Rb4 75. Qc8 Qb8 76. Qc5 Ra4 77. Qe7 Ra6 78. Rc7 Qe8 79. Qxe8 Nxe8 80.
Re7 Nf6 81. Rb7 Rd6 82. Kf1 Nd7 83. Rc7 Ne5 84. f3 exf3 85. gxf3 Ra6 86. f4 Nc4
87. Kf2 Ra2+ 88. Kf3 Rh2 89. Ne6+ Kg8 90. Rc8+ Kh7 91. Ng5+ Kg7 92. Rc7 Kg8 93.
Rc8+ Kg7 94. Rc7 Nd6 95. Rd7 Ne4 96. Rxd5 Nxg5+ 97. fxg5 Rxh3+ 98. Kg4 Rh1 99.
e4 Kf8 100. Re5 Kg8 101. Rc5 Kg7 102. Rd5 h3 103. Kg3 h2 104. Kg2 Re1 105. Kxh2
Rxe4 106. Kg3 Kf8 107. Rd7 Ke8 108. Ra7 Rd4 109. Rb7 Rd7 110. Rb6 Ke7 111. Rf6
Rd4 112. Rf1 Rd5 113. Kg4 Re5 114. Rf2 Re1 115. Rf3 Ra1 116. Rf2 Ra7 117. Rf6
Ra4+ 118. Kg3 Ra5 119. Kg4 Re5 1/2-1/2